000 00310 a2200133 4500
000 nam a22 7a 4500
100 _aBaret, John
110 _aBaret, John
245 _a Hydrology and Water Resources
250 _aLatest edition
260 _bPINAKIN
_c2025
264 _bPINAKIN
_c2025
942 _cBK
999 _c396812
_d396812